01359nam a22003497a 4500003000500000005001700005008004100022010001000063011001000073035001000083040000900093090001000102100004300112245015200155260003700307300003000344502008300374590003700457590004100494590004100535590004100576590004200617650003900659650004400698650003300742650002900775901000700804942001000811949004300821999001700864952012800881CHAP20220329140319.0971013s1986 r 00010 d a50228 a51200 a55350 cCHAP aTesis00aPinales Quiroz, Juan Francisco.988126 aEvaluación del método de riego por surcos alternos con 5 dósis de fertilización nitrogenada en el cultivo de frijol (Phaseolus vulgaris L.) aMarín, N.L. :bEl autor,c1986 a72 h.b: ilus. ; gráfs. aTesis (Ing. Agr. Esp. en Fitotecnia) -- Universidad Autónoma de Nuevo León aALEPHb10c20130110lUCH01h1324 aBATCH-UPDb10c20130110lUCH01h0629 aBATCH-UPDb10c20130410lUCH01h0312 aBATCH-UPDb10c20130914lUCH01h1400 aCONVERSIONb10c20130109lUCH01h132714aFertilizantes nitrogenados.94059614aFertilizantesxEfecto en frijol.94051114aFrijolxIrrigación.94339814aRiego por surcos.997384 aBK cTESIS bBCcTESd-121502eTS1h19938i55350si c50228d50228 00102local4051708TESISaBCbBCcPA_TESISd2019-12-31fTESISl0oTesisp-121502r2019-12-31 00:00:00w2019-12-31yTESIS